Por el camino de la historia política: hacia una historia política configuracional /
Sparad:
| Huvudupphovsman: | |
|---|---|
| Materialtyp: | Text |
| Ämnen: | |
| Taggar: |
Lägg till en tagg
Inga taggar, Lägg till första taggen!
|
MARC
| LEADER | 00000 a a2200000 04500 | ||
|---|---|---|---|
| 001 | 17337 | ||
| 003 | |||
| 040 | |||
| 100 | |a Barrieta, Darío G. | ||
| 245 | |a Por el camino de la historia política: |b hacia una historia política configuracional / |c Darío G. Barrieta | ||
| 650 | |a HISTORIOGRAFIA | ||
| 650 | |a HISTORIA POLITICA | ||
| 650 | |a TEORIA SOCIAL | ||
| 773 | |g número 53; páginas 163-196 | ||
| 999 | |c 36855 |d 36855 | ||
